Análisis psicológico del comportamiento económico / (Record no. 86480)

MARC details
000 -LEADER
campo de control de longitud fija 00709nam a2200193 i 4500
001 - NÚMERO DE CONTROL
campo de control 86480
003 - IDENTIFICADOR DE NÚMERO DE CONTROL
campo de control ES-MaACL
005 - FECHA Y HORA DE LA ÚLTIMA TRANSACCIÓN
campo de control 20230906175445.0
007 - CAMPO FIJO DE DESCRIPCIÓN FÍSICA--INFORMACIÓN GENERAL
campo de control de longitud fija t|
008 - DATOS DE LONGITUD FIJA--INFORMACIÓN GENERAL
campo de control de longitud fija 041213s1965 sp ||||1| spa d
100 1# - ENTRADA PRINCIPAL--NOMBRE DE PERSONA
Nombre de persona Katona, George.
9 (RLIN) 67623
245 10 - MENCIÓN DEL TÍTULO
Título Análisis psicológico del comportamiento económico /
Mención de responsabilidad, etc. George Katona ; [versión española por Pablo Sela Hoffmann y Fernando Serra Hamilton ; y revisada por Fernando de Liñán y Zofio].
260 ## - PUBLICACIÓN, DISTRIBUCIÓN, ETC.
Lugar de publicación, distribución, etc. Madrid, etc. :
Nombre del editor, distribuidor, etc. Rialp,
Fecha de publicación, distribución, etc. 1965.
300 ## - DESCRIPCIÓN FÍSICA
Extensión 479 p. ;
Dimensiones 24 cm.
700 0# - ENTRADA AGREGADA--NOMBRE PERSONAL
Nombre de persona Sela Hoffman, Pablo.
9 (RLIN) 105286
700 1# - ENTRADA AGREGADA--NOMBRE PERSONAL
Nombre de persona Serra Hamilton, Fernando.
9 (RLIN) 105635
700 1# - ENTRADA AGREGADA--NOMBRE PERSONAL
Nombre de persona Liñán y Zofio, Fernando de.
9 (RLIN) 72481
852 ## - LOCALIZACIÓN
Ubicación ES-MaACL
Número de control de estantería F-2015
Sublocalización o colección R.56964
Holdings
Estatus retirado Estado de pérdida Estado de daño No para préstamo Biblioteca de origen Biblioteca actual Ubicación en estantería Fecha de adquisición Fuente de adquisición Total de préstamos Signatura topográfica completa Código de barras Visto por última vez Precio de reemplazo Tipo de ítem Koha
        Biblioteca del Ateneo de Madrid Biblioteca del Ateneo de Madrid Depósito 2 17/01/2008     F-2015 1090351 23/02/2023 23/02/2023 Libro impreso